000 00811nas a2200265 4500
001 BR2015006657
003 BR-BrBNA
005 20231205125926.0
007 ta
008 230509b bl.|||p| |||| 00| 00por d
040 _aBR-BrBNA
_bpor
_cBiblioteca Nacional de Agricultura
041 _a(Pt)
072 _aF50 ; F70
100 1 _aGrokoviski, L.
100 1 _aCervi, A.C.
100 1 _aTardivo, R.C.
245 1 _aO gênero Piptocarpha R.BR. (Asteraceae: Vernoniaeae)no Estado do Paraná, Brasil
650 _aCOMPOSITAE
650 _aPARANÁ
650 _aTAXONOMIA VEGETAL
650 _aMORFOLOGIA VEGETAL
773 0 _tActa Botanica Brasilica (Brazil)
_xISSN 0102-3306
_g(Apr- Jun 2009), v. 23(2) p. 486-498
_wBR2015006657
909 _a202311
_bLúcia
_c55
_dLúcia Elande
942 _2AGRIS
_n0
_cANA
999 _c246922
_d246922